| 000 | 00693nam a2200145Ia 4500 | ||
|---|---|---|---|
| 008 | 231129s2008||||xx |||||||||||||| ||spa|| | ||
| 020 | _a978-958-8252-69-8 | ||
| 040 | _bspa | ||
| 082 | _a363.69098 T147 | ||
| 100 | _aTaller Internacional renovación de centro históricos en grandes ciudades latinoamericanas (2006 oct.9-11 : Barranquilla Colombia). | ||
| 245 | 0 | _aRenovación de centros históricos en grandes ciudades Latinoamericanas: Repercusiones socioeconómicas urbanístico-estructurales y medioambientales-urbanas / Editor Adrián Vergara Durán; Gunter Mertins... /et al. | |
| 260 | _c2008 | ||
| 264 | _aEdiciones Uninorte | ||
| 942 |
_2ddc _cBKS |
||
| 999 |
_c23977 _d23977 |
||